Письмо неустановленного лица к своей возлюбленной с фронта в период с 1914 по 1918 г.

Доступно только в Электронных читальных залах Найти на картеНа карте
RUSMARC
00003835nac2a22002651x 450
00129eb7df5-19ba-4847-a1e8-cbbfc0da5454
00520131009130526.0
100##$a20130529l1927 k y0rusy50 ca
1010#$arus
102##$aRU
105##$ay z |||||
1222#$ad1914
$ad1918
2001#$aПисьмо неустановленного лица к своей возлюбленной с фронта в период с 1914 по 1918 г.
$j[19--]
215##$a8 листов
251##$cДело
300##$aНезаконченное, с надписью о том, что автор, очевидно, убит
300##$aРукописный текст
324##$aСписок
330##$aДокументальные материалы, отложившиеся в результате творческой деятельности А. Ф. Кони; Документальные материалы, собранные А. Ф. Кони для своих работ; К биографическим очеркам, мемуарам и другим работам А. Ф. Кони
461#0$10013a54f2e3-e9cf-409b-80fa-f0a9bd3c40cb
$12001
$aКони Анатолий Федорович, юрист, литератор, член академии наук, председатель Санкт-Петербургского окружного суда, член государственного совета
$1251
$cФонд
$1852
$j564
462#0$100178a475cd-a47d-4377-bff3-cee4b81de655
$12001
$aОпись дел фонда А. Ф. Кони за 1880-1931 гг.
$1251
$cОпись
$1852
$j1
600#1$aКони
$bА. Ф.
$f1844-1927
$gАнатолий Федорович
801#0$aRU
$bGA_RF
801#1$aRU
$bНПО Опыт
$c20130529
$2rusmarc
801#2$aRU
$bПБ им. Б.Н. Ельцина
$c20131009
$gRCR
$2rusmarc
852##$aГА РФ
$j437
937##$d38630056
$hПБ
035##$aRuPRLIB51001306
Формат отображения